| 000 | 00437nam a22001217a 4500 | ||
|---|---|---|---|
| 082 | _a220PRO | ||
| 100 |
_aMuhammad Sohaib Arif. Ahmar Ali. Mubashar Hussain. Ghazanfar Hayat. _973295 |
||
| 245 | _aPR-SOF-1959-Tele Operated Boom Spraying Mechanism | ||
| 260 |
_aISLAMABAD _bNUST COLLEGE OF EME _c2020 |
||
| 650 |
_aDE-MTS-38 _973296 |
||
| 700 |
_a Project Supervisor's Dr. Waqar Shahid Qureshi. Dr. Mohsin Islam Tiwana _973297 |
||
| 942 | _cCF | ||
| 999 |
_c579088 _d579088 |
||